000 00652nam a2200241Ia 4500
003 OSt
005 20230502114545.0
008 210423s2010 xx 000 0 und d
020 _a9788122430776
040 _cAL
041 _aeng
082 _a338 BARR
_223
100 _aBARTHWAL (R R)
_943417
245 _aIndustrial economics: an introductory textbook
250 _a3
260 _aNew Delhi
_bNew Age International
_c2010
300 _axii,419
_bPB
365 _b275
_cINR
650 _aEconomics
_943418
650 _aProduction Economics
_943419
906 _aan ; economics: ; Industrial ; introductory ; textbook
942 _2ddc
_cBK
999 _c158571
_d158571